Science Quiz

Random Science or Animal Quiz

Animal Geography Quiz Stats

Quiz Updated Jun 20, 2015

Also try: Animals A-Z
Challenge
Share
Tweet
Score 0/18 Timer 06:00
4 Plays Today
% Correct
African elephant
98.3%
Tasmanian devil
83.7%
Nile crocodile
81.6%
Siberian tiger
77.3%
Welsh corgi
65.4%
European bison
59.6%
Burmese python
54.9%
Galápagos penguin
50.1%
Saharan cheetah
46.8%
% Correct
Virginia opossum
45.7%
California sea lion
45.3%
Maine Coon
44.8%
Icelandic horse
41.3%
Atlantic salmon
41.2%
Kodiak bear
40.1%
West Indian manatee
39.6%
Japanese macaque
18.6%
Congo peacock
14.1%

You're not logged in!

Compare scores with friends on all Sporcle quizzes.
Join for Free
OR
Log In

You Might Also Like...

Show Comments

Extras

Top Quizzes Today


Score Distribution

Your Account Isn't Verified!

In order to create a playlist on Sporcle, you need to verify the email address you used during registration. Go to your Sporcle Settings to finish the process.

Report this User

Report this user for behavior that violates our Community Guidelines.

Details: